|
|
|
|
| LEADER |
00000nab a2200000 a 4500 |
| 001 |
vtls009353826 |
| 003 |
SK-MaSNL |
| 005 |
20260303231053.0 |
| 008 |
081028 2008 xo w 000 0 slo |
| 038 |
|
|
|a NRKKK
|
| 040 |
|
|
|a NRKKK
|b slo
|c NRKKK
|e AACR2
|
| 041 |
0 |
|
|a slo
|
| 044 |
|
|
|a xo
|c SK
|
| 080 |
|
|
|a 373.5:7.071
|2 2001
|
| 245 |
0 |
0 |
|a Súkromné konzervatórium v Nitre oslavuje jubileum a pripomína si úspechy
|c [autor] (SK)
|
| 300 |
|
|
|b Fotogr.
|
| 610 |
2 |
7 |
|a Súkromné konzervatórium (Nitra, Slovensko)
|2 nrkkk
|9 170720
|
| 650 |
0 |
7 |
|a umelecké školy
|2 snkbucl
|9 29319
|
| 651 |
|
7 |
|a Nitra (Slovensko)
|2 snkbucl
|9 15714
|
| 773 |
0 |
|
|t Nitrianske noviny
|g Roč. 17, č. 37 (2008), s. 13
|x 1335-8375
|
| 852 |
|
|
|a SNK
|b KIS3GCP
|
| 999 |
|
|
|c 2265040
|d 2266970
|